Statistics for United States Air Force Ranks

Click here to take the quiz!

General Stats

  • This quiz has been taken 8 times
  • The average score is 14 of 20

Answer Stats

PaygradeRank% Correct
O6Colonel
100%
O10General
100%
E2Airman
88%
O3Captain
88%
O2First Lieutenant
88%
O5Lieutenant Colonel
88%
O1Second Lieutenant
88%
E3Airman First Class
75%
O9Lieutenant General
75%
O4Major
75%
E1Airman Basic
63%
O7Brigadier General
63%
O8Major General
63%
E4Senior Airman
63%
E5Staff Sergeant
63%
E9Chief Master Sergeant
50%
E7Master Sergeant
50%
E6Technical Sergeant
50%
E8Senior Master Sergeant
38%
E9Command Chief Master Sergeant
25%

Score Distribution

Percentile by Number Answered

Percent of People with Each Score

Your Score History

You have not taken this quiz